00334 a2200109 4500001000700000020000600007040001100013100003600024240008000060245007500140362000900215167772 a  cMagnum aBarros, Aidil Jesus da Silveira10aFundamentos de metodologia cientifica: um guia para a iniciacao cient.lpor10aFundamentos de metodologia cientifica: um guia para a iniciacao cient.0 a1899